<?xml version="1.0" encoding="UTF-8"?>
<marc:record xmlns:marc="http://www.loc.gov/MARC21/slim">
   <marc:leader>00000nam a2200000 a 4500</marc:leader>
   <marc:datafield ind1="1" ind2=" " tag="100">
      <marc:subfield code="a">Brown, Helen</marc:subfield>
      <marc:subfield code="4">aut</marc:subfield>
      <marc:subfield code="e">Verfasser/-in</marc:subfield>
   </marc:datafield>
   <marc:datafield ind1="0" ind2="0" tag="245">
      <marc:subfield code="a">Kater mit Karma</marc:subfield>
   </marc:datafield>
   <marc:datafield ind1="0" ind2="0" tag="245">
      <marc:subfield code="b">Roman</marc:subfield>
   </marc:datafield>
   <marc:datafield ind1=" " ind2="1" tag="264">
      <marc:subfield code="b">Deuticke</marc:subfield>
      <marc:subfield code="c">2012</marc:subfield>
   </marc:datafield>
   <marc:datafield ind1="1" ind2=" " tag="520">
      <marc:subfield code="a">Katzen und Töchter haben eines gemeinsam: Sie kommen selten, wenn man sie ruft.
Auf dem Höhepunkt ihrer familiären Krise legt sich Helen Brown wider besseres Wissen eine neue Katze zu, den Siamkater Jonah. Besitzt dieser Kater, dessen liebstes Hobby die Zerstörung des Haushalts zu sein scheint, ausreichend Karma, um für Frieden zu sorgen ?</marc:subfield>
   </marc:datafield>
   <marc:datafield ind1=" " ind2=" " tag="020">
      <marc:subfield code="a">9783552061934</marc:subfield>
      <marc:subfield code="9">9783552061934</marc:subfield>
   </marc:datafield>
</marc:record>
